Vector analysis versus vector calculus

Furkejuvvon:
Bibliográfalaš dieđut
Váldodahkkit: Galbis, Antonio (Dahkki), Maestre, Manuel (Dahkki)
Materiálatiipa: Girji
Giella:eaŋgalasgiella
Almmustuhtton: Nueva York Springer 2012
Preanttus:1a. ed
Ráidu:Universitext
Fáttát:
Fáddágilkorat: Lasit fáddágilkoriid
Eai fáddágilkorat, Lasit vuosttaš fáddágilkora!

MARC

LEADER 00000cam a2200000 a 4500
001 UCD5500
003 CL-VaPUC
008 160915e20120000us |||||||||||||||||eng|d
020 |a 9781461421993 
082 0 4 |a 515.63  |b GAL  |2 21 
100 0 |a Galbis, Antonio  |e author  |9 589256 
700 0 |a Maestre, Manuel  |e author  |9 589257 
245 1 0 |a Vector analysis versus vector calculus 
250 |a 1a. ed 
300 |a 375 p 
942 |c BK 
945 |d 20160915 16:42:00  |a dcastane 
260 |a Nueva York  |b Springer  |c 2012 
650 0 |a Análisis vectorial   |9 260451 
650 0 |a Cálculo vectorial   |9 408406 
583 |a last modification  |c 20160915 16:42:00  |k Rodrigo Vera 
490 0 |a Universitext 
999 |c 366155  |d 366153 
952 |0 0  |1 0  |3 erb  |4 0  |6 515_630000000000000_GAL_2012  |7 0  |8 A  |9 480205  |a BIBMAT  |b BIBMAT  |i 5341248  |o 515.63 GAL 2012  |p 5341248  |r 2025-01-07  |w 2019-11-24  |y BK  |z Catalogado en:20160915  |k MAT